| 000 | 00547 a2200181 4500 | ||
|---|---|---|---|
| 005 | 20260421104632.0 | ||
| 008 | 260421b |||||||| |||| 00| 0 eng d | ||
| 020 | _a9789354428708 | ||
| 040 | _cSDCL | ||
| 041 |
_2eng _aeng |
||
| 084 | _aO157,3Nx R5 | ||
| 245 |
_aStayed Back, Stayed On : _bShort Stories by Bengali Muslim Writers |
||
| 260 |
_aNew Delhi : _bOrient Blackswan _c2025 |
||
| 300 | _axxix, 256p. | ||
| 490 | _aStudies in comparative literature jadavpur university | ||
| 700 |
_aHalder, Epsita Ed. _91235241 |
||
| 942 |
_cTEXL _2CC |
||
| 999 |
_c1848108 _d1848108 |
||